|
|
|
|
| LEADER |
01588nam a2200397Ia 4500 |
| 001 |
EBC459660 |
| 003 |
MiAaPQ |
| 005 |
20200520144314.0 |
| 006 |
m o d | |
| 007 |
cr cn||||||||| |
| 008 |
061017s2008 dcu s 000 0 eng d |
| 020 |
|
|
|z 9780821372838
|
| 035 |
|
|
|a (MiAaPQ)EBC459660
|
| 035 |
|
|
|a (Au-PeEL)EBL459660
|
| 035 |
|
|
|a (CaPaEBR)ebr10197136
|
| 035 |
|
|
|a (CaONFJC)MIL109986
|
| 035 |
|
|
|a (OCoLC)767568253
|
| 040 |
|
|
|a MiAaPQ
|c MiAaPQ
|d MiAaPQ
|
| 050 |
|
4 |
|a HC800
|b .S77 2008
|
| 245 |
0 |
0 |
|a Spreading and sustaining growth in Africa
|h [electronic resource].
|
| 260 |
|
|
|a Washingon, D.C. :
|b World Bank,
|c c2008.
|
| 300 |
|
|
|a ix, 166 p.
|
| 490 |
0 |
|
|a Africa development indicators ;
|v 2007
|
| 500 |
|
|
|a "From the World Bank Africa database"--Cover.
|
| 533 |
|
|
|a Electronic reproduction. Ann Arbor, MI : ProQuest, 2015. Available via World Wide Web. Access may be limited to ProQuest affiliated libraries.
|
| 650 |
|
0 |
|a Economic indicators
|z Africa.
|
| 650 |
|
0 |
|a Social indicators
|z Africa.
|
| 651 |
|
0 |
|a Africa
|x Economic conditions
|y 1960-
|v Statistics.
|
| 651 |
|
0 |
|a Africa
|x Social conditions
|y 1960-
|v Statistics.
|
| 655 |
|
4 |
|a Electronic books.
|
| 710 |
2 |
|
|a World Bank.
|b Africa Regional Office.
|b Office of the Chief Economist.
|
| 710 |
2 |
|
|a World Bank.
|b Africa Regional Office.
|b Operational Quality and Knowledge Services.
|
| 710 |
2 |
|
|a World Bank.
|b Development Data Group.
|
| 710 |
2 |
|
|a ProQuest (Firm)
|
| 730 |
0 |
|
|a World Bank Africa database.
|
| 856 |
4 |
0 |
|u https://ebookcentral.proquest.com/lib/matrademy/detail.action?docID=459660
|z Click to View
|